| 000 | 00000nam##2200000za#4500 |
| 001 | 9.572666 |
| 003 | CaOODSP |
| 005 | 20210624183328 |
| 007 | cr ||||||||||| |
| 008 | 150406|2007||||xxc|||||o f|0| 0 eng|d |
| 022 | |a1701-1280 |
| 040 | |aCaOODSP|beng |
| 043 | |an-cn--- |
| 086 | 1 |aFs70-4/2006-045E-PDF |
| 110 | 1 |aCanada. |bDepartment of Fisheries and Oceans. |
| 245 | 10|aProceedings of the Newfoundland and Labrador Regional Advisory Process for east and southeast Newfoundland Atlantic herring : |h[electronic resource]|bNovember 1-2, 2006, 80 East White Hills Road, Northwest, Atlantic Fisheries Centre, St. John's, NL / |cmeeting chairperson Fran Mowbray ; editors G.H. Winters and N. Wells. |
| 246 | 3 |aCompte rendu du Processus consultatif régional de Terre-Neuve et Labrador sur le hareng de l’est et du sud-est de Terre-Neuve |
| 260 | |aSt. John's - Newfoundland and Labrador : |bFisheries and Oceans Canada |cMarch 2007. |
| 300 | |a20p.|breferences, table |
| 490 | 1 |aCanadian Science Advisory Secretariat proceedings series|x1701-1280|v2006/045 |
| 546 | |aChiefly English, with bilingual summary. |
| 590 | |a11-31-Supp|b2011-12-13 |
| 720 | 1 |aMowbray, Fran |
| 720 | 1 |aWinters, G. H. |
| 720 | 1 |aWells, N. |
| 830 | #0|aProceedings series (Canadian Science Advisory Secretariat)|x1701-1280|v2006/045|w(CaOODSP)9.506483 |
| 856 | 40|ahttp://publications.gc.ca|qPDF|s88 KB|uhttps://publications.gc.ca/collections/collection_2011/mpo-dfo/Fs70-4-2006-045-eng.pdf|y2006/045 |